[Event "Titled Tue 1st Jul Early"]
[Site "chess.com INT"]
[Date "2025.07.01"]
[Round "4"]
[White "Shuvalov, Evgenij"]
[Black "Dambaev, Dashi"]
[Result "0-1"]
[BlackTitle "CM"]
[WhiteElo "1980"]
[BlackElo "2142"]
[WhiteFideId "4187237"]
[BlackFideId "55628494"]
[EventDate "2025.07.01"]

1. d4 Nf6 2. c4 e6 3. Nf3 Bb4+ 4. Nbd2 b6 5. a3 Bxd2+ 6. Bxd2 Bb7 7. Bg5 d6 8.
Nd2 h6 9. Bh4 g5 10. Bg3 Nbd7 11. f3 Qe7 12. e4 O-O-O 13. Bd3 Nh5 14. a4 f5 15.
Qe2 fxe4 16. fxe4 Nf4 17. Bxf4 gxf4 18. a5 e5 19. d5 Rhg8 20. b4 Nf6 21. O-O Ng4
22. axb6 axb6 23. c5 dxc5 24. Ba6 Qh4 25. Bxb7+ Kd7 26. h3 Ne3 27. Rf2 Qxh3 28.
Qf3 Rg3 29. Qe2 Rdg8 30. Bc6+ Ke7 31. d6+ cxd6 32. Ra7+ Kf6 33. Bd7 Rxg2+ 0-1

[Event "Titled Tue 1st Jul Early"]
[Site "chess.com INT"]
[Date "2025.07.01"]
[Round "4"]
[White "Kanyamarala, Trisha"]
[Black "Mohan, Dave"]
[Result "0-1"]
[WhiteTitle "WIM"]
[WhiteElo "2233"]
[BlackElo "2018"]
[WhiteFideId "45004722"]
[BlackFideId "30909775"]
[EventDate "2025.07.01"]

1. c4 e5 2. Nc3 d6 3. g3 Be7 4. Bg2 f5 5. Nf3 Nf6 6. O-O O-O 7. d3 c6 8. b3 Qe8
9. Bb2 Qh5 10. c5 f4 11. cxd6 Bxd6 12. Ne4 Nxe4 13. dxe4 Rf6 14. Qc2 Na6 15.
Rfd1 Bh3 16. Bxh3 Qxh3 17. Qc4+ Qe6 18. Bxe5 Qxc4 19. bxc4 Bxe5 20. Nxe5 Re8 21.
Nf3 fxg3 22. hxg3 Rxe4 23. Rd8+ Rf8 24. Rxf8+ Kxf8 25. Ng5 Rxe2 26. Nxh7+ Kf7
27. Ng5+ Kf6 28. Nf3 Rc2 29. Rb1 Nc5 30. Rd1 Rxc4 31. Rd6+ Ke7 32. Rg6 Ne6 33.
Ng5 Nxg5 34. Rxg5 Kf6 35. Ra5 a6 36. Kg2 Rc2 37. Kf3 Rb2 38. Ke3 g5 39. f3 Rg2
40. g4 Rg1 41. Ke4 Re1+ 42. Kd3 Rf1 43. Ke3 Rb1 44. Rf5+ Kg6 45. Ra5 Rb5 46. Ra4
Kf6 47. Ke4 a5 48. f4 gxf4 49. Kxf4 Rb4+ 50. Rxb4 axb4 51. Ke4 Kg5 52. Kd4 b6
53. Kc4 c5 54. Kb5 Kxg4 55. Kxb6 c4 56. Kc5 b3 57. a4 b2 58. a5 b1=Q 59. a6 Qa2
60. a7 Qxa7+ 61. Kxc4 Qd7 0-1

[Event "Titled Tue 1st Jul Early"]
[Site "chess.com INT"]
[Date "2025.07.01"]
[Round "4"]
[White "Logachiov, Aleksandr"]
[Black "Smirnov, Alexandr A."]
[Result "0-1"]
[WhiteTitle "CM"]
[BlackTitle "FM"]
[WhiteElo "2129"]
[BlackElo "2136"]
[WhiteFideId "24123706"]
[BlackFideId "24104396"]
[EventDate "2025.07.01"]

1. d4 Nf6 2. Bg5 c5 3. Bxf6 gxf6 4. d5 b5 5. e4 Qb6 6. Nf3 Rg8 7. Nc3 a6 8. a4
b4 9. Ne2 a5 10. Ng3 e6 11. Nd2 Ba6 12. Bxa6 Qxa6 13. Qe2 Qxe2+ 14. Kxe2 f5 15.
dxe6 fxe6 16. exf5 Nc6 17. c3 exf5 18. Nxf5 O-O-O 19. g3 d5 20. Nf3 Rg6 21. Rhe1
Rf6 22. N5h4 d4 23. cxd4 Nxd4+ 24. Nxd4 Rxd4 25. Rad1 Rxd1 26. Rxd1 c4 27. Rc1
Re6+ 28. Kd2 Rd6+ 29. Ke3 Re6+ 30. Kd4 Bg7+ 31. Kd5 Bxb2 32. Rxc4+ Kd7 33. Rc5
b3 34. Rb5 Re5+ 35. Kc4 Rxb5 36. Kxb5 Bc1 37. Nf3 b2 38. Ne5+ Ke6 39. Nc4 b1=Q+
40. Kxa5 Bd2+ 41. Nxd2 Qe1 0-1

[Event "Titled Tue 1st Jul Early"]
[Site "chess.com INT"]
[Date "2025.07.01"]
[Round "4"]
[White "De Lomas Busquets, Alba"]
[Black "Fernandez, Maria Florencia"]
[Result "1-0"]
[WhiteTitle "WCM"]
[BlackTitle "WIM"]
[WhiteElo "1997"]
[BlackElo "2163"]
[WhiteFideId "24585289"]
[BlackFideId "116459"]
[EventDate "2025.07.01"]

1. d4 Nf6 2. Nf3 g6 3. Nc3 Bg7 4. Bf4 O-O 5. Qd2 d6 6. O-O-O a5 7. Bh6 Bxh6 8.
Qxh6 Ng4 9. Qh4 e5 10. Qg3 exd4 11. Rxd4 f5 12. h3 Nf6 13. e3 Nh5 14. Qh2 Nc6
15. Bc4+ Kh8 16. Rdd1 Qe7 17. g4 fxg4 18. hxg4 Bxg4 19. Nh4 Bxd1 20. Nxd1 Qe5
21. f4 Qg7 22. Bd3 Nb4 23. Be4 a4 24. a3 Nc6 25. Rg1 Rf6 26. Nf2 Re8 27. Bd3
Rxe3 28. Ng4 Rxd3 29. Nxf6 Qxf6 30. cxd3 Nd4 31. Re1 Qxf4+ 32. Qxf4 Nxf4 33. Re4
Nb3+ 34. Kc2 Nd5 35. Rxa4 g5 36. Ng2 h5 37. Ra8+ Kg7 38. Ra7 b6 39. Kxb3 h4 40.
Kc4 h3 41. Kxd5 hxg2 42. Rxc7+ Kg6 43. Rc1 Kf5 44. Rg1 Kf4 45. Rxg2 g4 46. Kxd6
g3 47. d4 Kf3 48. Rxg3+ Kxg3 49. d5 Kf4 50. Kc6 Ke4 51. d6 Kd4 52. d7 Kc4 53.
d8=Q b5 54. Qd5# 1-0

[Event "Titled Tue 1st Jul Early"]
[Site "chess.com INT"]
[Date "2025.07.01"]
[Round "4"]
[White "Redor, Menandro"]
[Black "Bacus, Dharim"]
[Result "0-1"]
[BlackTitle "FM"]
[WhiteElo "2021"]
[BlackElo "2131"]
[WhiteFideId "5222010"]
[BlackFideId "5201527"]
[EventDate "2025.07.01"]

1. e4 e5 2. f4 exf4 3. Bc4 Ne7 4. Nf3 Ng6 5. d4 Be7 6. O-O O-O 7. c3 d6 8. Qe2
Nc6 9. Ne1 Bg5 10. Nd3 Re8 11. Nxf4 Bxf4 12. Bxf4 d5 13. Bb3 Rxe4 14. Qd2 Nxf4
15. Rxf4 Qd6 16. Rxe4 dxe4 17. Na3 Bf5 18. Rf1 Bg6 19. Nb5 Qe7 20. Qf4 Rc8 21.
d5 Ne5 22. Nxa7 Re8 23. Nb5 c6 24. dxc6 bxc6 25. Nd4 h6 26. h3 Qd7 27. Qg3 Kh7
28. Ne2 Nd3 29. Nf4 Qc7 30. Kh2 Nxf4 31. Rxf4 e3 32. Rf1 Qe7 33. Re1 e2 34. Qf2
Qe5+ 35. Qg3 Qe4 36. Qf2 Re5 0-1

[Event "Titled Tue 1st Jul Early"]
[Site "chess.com INT"]
[Date "2025.07.01"]
[Round "4"]
[White "Sanal, Vahap"]
[Black "Deng, Henry"]
[Result "1-0"]
[WhiteTitle "GM"]
[BlackTitle "FM"]
[WhiteElo "2550"]
[BlackElo "2293"]
[WhiteFideId "6300545"]
[BlackFideId "30965454"]
[EventDate "2025.07.01"]

1. e4 c5 2. Nf3 e6 3. c3 Nf6 4. e5 Nd5 5. d4 cxd4 6. cxd4 d6 7. a3 dxe5 8. dxe5
Bd7 9. Bd3 Bc6 10. O-O Nd7 11. Re1 Be7 12. Qe2 Qb6 13. b4 a6 14. Bb2 Nf4 15. Qd2
Nxd3 16. Qxd3 O-O 17. Nbd2 Rfd8 18. Qe2 Bb5 19. Qe4 Nf8 20. Rac1 Rac8 21. h4 Bd3
22. Qf4 h6 23. h5 a5 24. Bc3 axb4 25. Bxb4 Bxb4 26. axb4 Rc7 27. Rxc7 Qxc7 28.
Qe3 Bf5 29. Qf4 Qc3 30. g4 Bh7 31. Kg2 Rd3 32. Rh1 Qc6 33. Ra1 b6 34. Kg1 Rd7
35. Kh2 Rd3 36. Nd4 Qc3 37. Ra7 f5 38. N2f3 Qb2 39. Kg2 Qxb4 40. Ra8 Rc3 41.
Nxe6 Qxf4 42. Rxf8# 1-0

[Event "Titled Tue 1st Jul Early"]
[Site "chess.com INT"]
[Date "2025.07.01"]
[Round "4"]
[White "Milare, Tyron"]
[Black "Sovetbekova, Nurai"]
[Result "0-1"]
[WhiteTitle "FM"]
[BlackTitle "WFM"]
[WhiteElo "2217"]
[BlackElo "2007"]
[WhiteFideId "12987018"]
[BlackFideId "13801910"]
[EventDate "2025.07.01"]

1. d4 Nf6 2. c4 g6 3. f3 d5 4. cxd5 Nxd5 5. e4 Nb6 6. Nc3 Bg7 7. Be3 Nc6 8. Bb5
O-O 9. Nge2 e5 10. d5 Ne7 11. Qb3 c6 12. dxc6 bxc6 13. Rd1 Qc7 14. Bxb6 axb6 15.
Bc4 b5 16. Bd3 Be6 17. Qc2 Qb6 18. a3 Rfd8 19. Nc1 Bh6 20. Be2 Be3 21. h4 Bf2+
22. Kf1 Bg3 23. Bd3 Rd7 24. Qe2 Rad8 25. Rh3 Bxh3 26. gxh3 Bxh4 27. Kg2 Bg5 28.
N1a2 Qe3 29. Qxe3 Bxe3 30. Be2 Rxd1 31. Nxd1 Bf4 32. Nac3 Rd2 33. Kf1 g5 34. b3
Nc8 35. Nb1 Rd8 36. a4 bxa4 37. bxa4 Nb6 38. a5 Na4 39. a6 Ra8 40. Na3 Nc5 41.
Nc4 Nxa6 42. Nb6 Rb8 43. Nd7 Rb1 44. Bxa6 Rxd1+ 45. Ke2 Rxd7 0-1

[Event "Titled Tue 1st Jul Early"]
[Site "chess.com INT"]
[Date "2025.07.01"]
[Round "4"]
[White "Zlatkov, Anton"]
[Black "Mattenberger, Matthias"]
[Result "1-0"]
[WhiteTitle "FM"]
[BlackTitle "FM"]
[WhiteElo "2330"]
[BlackElo "2276"]
[WhiteFideId "15005402"]
[BlackFideId "1339958"]
[EventDate "2025.07.01"]

1. e4 c5 2. Nf3 d6 3. Bb5+ Nd7 4. d4 cxd4 5. Qxd4 a6 6. Be2 Ngf6 7. O-O b5 8. a4
e5 9. Qe3 bxa4 10. Nc3 a3 11. b3 Bb7 12. Bxa3 Qc7 13. Rac1 d5 14. Bxf8 d4 15.
Qg5 Kxf8 16. Nd5 Nxd5 17. exd5 Bxd5 18. Nxd4 h6 19. Qg3 g6 20. Rfd1 Qb7 21. Bf3
Bxf3 22. Nxf3 Re8 23. Rd6 e4 24. Nh4 Ne5 25. Rcd1 Qe7 26. f4 exf3 27. Nxf3 Nxf3+
28. Qxf3 Kg7 29. Rxa6 Rd8 30. Rf1 Rhf8 31. Qc3+ Kg8 32. h3 Rc8 33. Rc6 Rcd8 34.
Qc4 Rd2 35. Rxg6+ Kh7 36. Rgf6 Kg7 37. Qg4+ Kh7 38. Qf5+ Kg7 39. Qg4+ Kh7 40.
Qf4 Qe2 41. Qxh6+ Kg8 42. Qg5+ Kh8 43. Rh6# 1-0

[Event "Titled Tue 1st Jul Early"]
[Site "chess.com INT"]
[Date "2025.07.01"]
[Round "4"]
[White "Pournami S"]
[Black "Jahnz, Laurin"]
[Result "1-0"]
[WhiteTitle "WCM"]
[BlackTitle "CM"]
[WhiteElo "1730"]
[BlackElo "2216"]
[WhiteFideId "25732439"]
[BlackFideId "16261089"]
[EventDate "2025.07.01"]

1. d4 d5 2. c4 c6 3. Nc3 Nf6 4. Nf3 g6 5. Bg5 Bg7 6. e3 O-O 7. cxd5 Nxd5 8. Bh4
Bg4 9. Be2 Nd7 10. Bg3 N7f6 11. O-O Nxc3 12. bxc3 Ne4 13. Qc2 Bf5 14. Bd3 Nxg3
15. hxg3 Bxd3 16. Qxd3 c5 17. Rab1 Qc7 18. c4 cxd4 19. exd4 b6 20. Rfe1 Rac8 21.
Rbc1 Rfd8 22. Qe4 e6 23. c5 b5 24. Red1 Rd5 25. Qe2 Qd7 26. Rb1 a6 27. a4 bxa4
28. Qxa6 h6 29. Rb7 Qc6 30. Qa7 Rf5 31. Rb6 Qa8 32. Qd7 a3 33. c6 a2 34. Ra1 Rd5
35. Qb7 g5 36. Qxa8 Rxa8 37. c7 Bxd4 38. Rb8+ Kg7 39. Nxd4 Rxd4 40. c8=Q 1-0

[Event "Titled Tue 1st Jul Early"]
[Site "chess.com INT"]
[Date "2025.07.01"]
[Round "4"]
[White "Mitrabha, Guha"]
[Black "Fandi, Mazen"]
[Result "0-1"]
[WhiteTitle "GM"]
[BlackTitle "FM"]
[WhiteElo "2515"]
[BlackElo "2302"]
[WhiteFideId "5057000"]
[BlackFideId "7611625"]
[EventDate "2025.07.01"]

1. e4 c6 2. Nf3 d5 3. Nc3 Bg4 4. h3 Bxf3 5. Qxf3 e6 6. d3 Nf6 7. g3 Nbd7 8. Bg2
Bd6 9. O-O O-O 10. a3 d4 11. Nd1 e5 12. Qe2 c5 13. f4 b5 14. Nf2 Rc8 15. a4 a6
16. axb5 axb5 17. f5 c4 18. g4 cxd3 19. Nxd3 Nc5 20. g5 Nfd7 21. f6 g6 22. h4
Qc7 23. Bh3 Ra8 24. Rxa8 Rxa8 25. h5 Nxd3 26. cxd3 Ra1 27. hxg6 Rxc1 28. gxf7+
Kh8 29. Qh5 Rxf1+ 30. Bxf1 Qc1 31. Qg4 Nf8 32. b3 Qf4 33. Qxf4 exf4 34. Bh3 h6
35. Bf5 hxg5 36. Kf2 Be5 37. Kf3 Bxf6 38. Kg4 Kg7 39. e5 Bxe5 40. Kxg5 Kxf7 41.
Be4 Ke6 42. Bf3 Nd7 43. b4 Nb6 44. Bg4+ Kd6 45. Kf5 Nd5 46. Ke4 Nf6+ 47. Kf3
Nxg4 48. Kxg4 Ke6 49. Kf3 Kf5 0-1

[Event "Titled Tue 1st Jul Early"]
[Site "chess.com INT"]
[Date "2025.07.01"]
[Round "4"]
[White "Piesik, Piotr"]
[Black "Hernandez Leon, Sergio"]
[Result "1/2-1/2"]
[WhiteTitle "IM"]
[BlackTitle "CM"]
[WhiteElo "2436"]
[BlackElo "2109"]
[WhiteFideId "1136194"]
[BlackFideId "2285622"]
[EventDate "2025.07.01"]

1. Nf3 d5 2. g3 g6 3. Bg2 Bg7 4. d4 Nf6 5. O-O O-O 6. c4 c6 7. Nc3 dxc4 8. a4
Bg4 9. Ne5 Be6 10. e3 Nbd7 11. Nf3 a5 12. Qe2 Rb8 13. Nd2 b5 14. Bxc6 b4 15. Nb5
Nb6 16. e4 Bd7 17. Bxd7 Qxd7 18. e5 Nfd5 19. Nxc4 Nxa4 20. Rxa4 Rxb5 21. Rxa5
Rxa5 22. Nxa5 Qa7 23. Nb3 Rc8 24. Be3 e6 25. Rc1 Rxc1+ 26. Nxc1 Qa1 27. Qc2 Nxe3
28. fxe3 Bh6 29. Kf2 b3 30. Qc3 Qb1 31. Qd2 Qf5+ 32. Ke2 Qh5+ 33. Kd3 Qf3 34.
Nxb3 Bf8 35. Kc3 Qc6+ 36. Kd3 Qb5+ 37. Kc2 Bb4 38. Qd3 Qc6+ 39. Kb1 Qh1+ 40. Ka2
Qa8+ 41. Kb1 Qh1+ 42. Nc1 Qxh2 43. Ne2 Qh1+ 44. Kc2 Qc6+ 45. Kb3 Be7 46. Qc4 Qf3
47. Qd3 Qb7+ 48. Kc2 Qc6+ 49. Kd1 Qh1+ 50. Kc2 Qc6+ 51. Kb1 Qh1+ 52. Ka2 Qa8+
53. Kb3 Qb7+ 54. Kc2 Qc6+ 1/2-1/2

[Event "Titled Tue 1st Jul Early"]
[Site "chess.com INT"]
[Date "2025.07.01"]
[Round "4"]
[White "Molina, Roberto Junio Brito"]
[Black "Sabatier, Mathis"]
[Result "1-0"]
[WhiteTitle "IM"]
[BlackTitle "CM"]
[WhiteElo "2377"]
[BlackElo "2235"]
[WhiteFideId "2109450"]
[BlackFideId "26029685"]
[EventDate "2025.07.01"]

1. d4 d5 2. c4 dxc4 3. e3 e5 4. Nf3 exd4 5. Qxd4 Qxd4 6. Nxd4 a6 7. Bxc4 c5 8.
Nb3 Nf6 9. Nc3 b5 10. Be2 Bb7 11. Bf3 Bxf3 12. gxf3 Nc6 13. Ke2 c4 14. Nd2 O-O-O
15. a4 b4 16. Nce4 Nxe4 17. Nxe4 Ne5 18. Bd2 h6 19. Rac1 Kb7 20. f4 Nd3 21. Rxc4
Nxb2 22. Nc5+ Bxc5 23. Rxc5 Nxa4 24. Rf5 Nc3+ 25. Bxc3 bxc3 26. Rxf7+ Kb6 27.
Rb1+ Ka5 28. Rfb7 Rd2+ 29. Kf3 Ra2 30. Rc7 Ra3 31. Rc5+ Ka4 32. Rb6 Rb3 33.
Rxa6+ Kb4 34. Rac6 Rd8 35. Rc4+ Kb5 36. Rxc3 Rb2 37. Rc2 Rb4 38. Rc7 Kb6 39.
Rxg7 Rd1 40. Rg6+ Kb5 41. Rxh6 Rg1 42. Rh8 Rg7 43. Rb8+ 1-0

[Event "Titled Tue 1st Jul Early"]
[Site "chess.com INT"]
[Date "2025.07.01"]
[Round "4"]
[White "Yonal, Timur"]
[Black "King, Alexander"]
[Result "0-1"]
[WhiteTitle "FM"]
[BlackTitle "FM"]
[WhiteElo "2090"]
[BlackElo "2263"]
[WhiteFideId "44115725"]
[BlackFideId "2063620"]
[EventDate "2025.07.01"]

1. c4 e6 2. e3 d5 3. Nf3 Nf6 4. b3 c5 5. Bb2 Nc6 6. Be2 d4 7. d3 e5 8. O-O Bd6
9. a3 a5 10. exd4 cxd4 11. Re1 O-O 12. Nbd2 h6 13. Bf1 Bf5 14. Qc2 Re8 15. g3
Nd7 16. Nh4 Bh7 17. Bh3 Be7 18. Nf5 Bf8 19. Re2 Nc5 20. Ne4 Ne6 21. Qd2 Qb6 22.
Qc2 Rad8 23. Bc1 Kh8 24. Bd2 Nc5 25. Nxc5 Bxc5 26. Nh4 Bf8 27. Bf5 g6 28. Bh3
Qc7 29. Qc1 g5 30. Nf5 Qd7 31. g4 e4 32. Rxe4 Ne5 33. Qc2 Nf3+ 34. Kg2 Rxe4 35.
dxe4 Ne5 36. Rd1 b6 37. Nxd4 Qxd4 38. Bc3 Qxe4+ 39. f3 Qxc2+ 0-1

[Event "Titled Tue 1st Jul Early"]
[Site "chess.com INT"]
[Date "2025.07.01"]
[Round "4"]
[White "Nikulina, Alena"]
[Black "Veiga, Jose Francisco R P Neves"]
[Result "1-0"]
[WhiteTitle "WFM"]
[BlackTitle "IM"]
[WhiteElo "1875"]
[BlackElo "2390"]
[WhiteFideId "4172051"]
[BlackFideId "1930087"]
[EventDate "2025.07.01"]

1. e4 c5 2. Nf3 d6 3. c3 Nf6 4. h3 Nc6 5. Bd3 e6 6. Bc2 Be7 7. O-O O-O 8. Re1
Qc7 9. Na3 a6 10. d4 cxd4 11. cxd4 b5 12. d5 Ne5 13. Nxe5 dxe5 14. Be3 b4 15.
Nb1 Bb7 16. dxe6 fxe6 17. Nd2 Rfd8 18. Rc1 Qd7 19. Qe2 Rac8 20. Red1 Qe8 21. Bb3
Qf7 22. f3 Nh5 23. Nc4 Nf4 24. Qf1 Rxd1 25. Rxd1 Qg6 26. Kh2 Bh4 27. Bxf4 exf4
28. Ne5 Bg3+ 29. Kh1 Qe8 30. Rd7 Bc6 31. Rd6 Bb5 32. Qd1 Kh8 33. Bxe6 Rc7 34.
Rd8 Re7 35. Rxe8+ Rxe8 36. Nf7+ Kg8 37. Nd6+ Rxe6 38. Nf5 Re8 39. Qd5+ Kh8 40.
Nd6 Rg8 41. Nf7# 1-0

[Event "Titled Tue 1st Jul Early"]
[Site "chess.com INT"]
[Date "2025.07.01"]
[Round "4"]
[White "Craciun, Sasha-Matei"]
[Black "Mayank, Chakraborty"]
[Result "0-1"]
[WhiteTitle "FM"]
[BlackTitle "IM"]
[WhiteElo "2320"]
[BlackElo "2448"]
[WhiteFideId "1281186"]
[BlackFideId "25659766"]
[EventDate "2025.07.01"]

1. e4 e5 2. Nf3 Nc6 3. d4 exd4 4. Bc4 Nf6 5. O-O d6 6. Nxd4 Be7 7. Nc3 O-O 8.
Nxc6 bxc6 9. f4 Rb8 10. h3 Be6 11. Bb3 Nd7 12. f5 Bxb3 13. axb3 Rb7 14. Be3 Nb6
15. Ne2 c5 16. Nf4 Bf6 17. c3 Re8 18. Qf3 Be5 19. Nd3 Nd7 20. b4 cxb4 21. Nxb4
c5 22. Nd5 Nb6 23. Nf4 Nc4 24. Bc1 Nxb2 25. Rb1 Qb8 26. f6 Na4 27. Rxb7 Qxb7 28.
Qg4 Bxf6 29. Nh5 Bxc3 30. Bh6 Qxe4 31. Qg3 Qg6 32. Qh4 Bd4+ 33. Kh1 Qxh6 34.
Nf6+ Bxf6 35. Qxa4 Qe3 36. Rb1 h6 37. Qxa7 c4 0-1

[Event "Titled Tue 1st Jul Early"]
[Site "chess.com INT"]
[Date "2025.07.01"]
[Round "4"]
[White "Troltenier, Dirk"]
[Black "Tsyhanchuk, Stanislav"]
[Result "0-1"]
[WhiteTitle "FM"]
[BlackTitle "IM"]
[WhiteElo "2174"]
[BlackElo "2273"]
[WhiteFideId "4606400"]
[BlackFideId "13505130"]
[EventDate "2025.07.01"]

1. e4 c5 2. Nf3 e6 3. c3 Nf6 4. e5 Nd5 5. d4 cxd4 6. Bc4 d6 7. O-O Nc6 8. exd6
Bxd6 9. cxd4 O-O 10. Nc3 Nxc3 11. bxc3 Qc7 12. Bd3 b6 13. Re1 h6 14. Qe2 f5 15.
Bd2 Na5 16. c4 Bd7 17. c5 Bf4 18. Bb4 Rfe8 19. g3 Nc6 20. Bc3 Bg5 21. Nxg5 hxg5
22. Qh5 Qd8 23. d5 exd5 24. Qg6 Rxe1+ 25. Rxe1 Qf8 26. cxb6 axb6 27. Qxg5 Ra3
28. Rc1 Rxa2 29. Bb5 Ra7 30. Re1 Rc7 31. Bb2 Qf7 32. h4 d4 33. Bxc6 Bxc6 34.
Bxd4 Qd5 35. f3 Qxf3 0-1

[Event "Titled Tue 1st Jul Early"]
[Site "chess.com INT"]
[Date "2025.07.01"]
[Round "4"]
[White "Fedorov, Artem Alek"]
[Black "Gavarrete, Nahun"]
[Result "0-1"]
[WhiteTitle "CM"]
[BlackTitle "FM"]
[WhiteElo "2157"]
[BlackElo "2281"]
[WhiteFideId "34418431"]
[BlackFideId "8400709"]
[EventDate "2025.07.01"]

1. e4 e5 2. Nf3 Nc6 3. Bb5 Nf6 4. O-O d6 5. d4 exd4 6. Nxd4 Bd7 7. Nxc6 Bxc6 8.
Bxc6+ bxc6 9. e5 dxe5 10. Qf3 Qd5 11. Qg3 Bd6 12. Nc3 Qe6 13. Re1 g6 14. Qf3 Nd5
15. Bh6 f5 16. Re2 Kd7 17. Rae1 e4 18. Qh3 Rae8 19. Bg7 Rhg8 20. Nxd5 cxd5 21.
Bd4 c5 22. Bc3 d4 23. Bd2 h5 24. Qa3 Ra8 25. Qa4+ Ke7 26. Bg5+ Kf7 27. f3 e3 28.
Bxe3 dxe3 29. Rxe3 Qc8 30. Qc4+ Kg7 31. Re6 Bf8 32. Qh4 Kh7 33. Qf6 Rg7 34. Qg5
Qd8 35. Qf4 Be7 36. h4 Bxh4 37. Qe5 Bg5 38. Qxc5 Bh6 39. Re7 Rc8 40. Rxg7+ Bxg7
41. Qxa7 Kh8 42. Re7 Bd4+ 0-1

[Event "Titled Tue 1st Jul Early"]
[Site "chess.com INT"]
[Date "2025.07.01"]
[Round "4"]
[White "Arya G Mallar"]
[Black "Sitnic, Adnan"]
[Result "0-1"]
[WhiteTitle "WCM"]
[BlackTitle "CM"]
[WhiteElo "2000"]
[BlackElo "2058"]
[WhiteFideId "25115324"]
[BlackFideId "14403854"]
[EventDate "2025.07.01"]

1. c4 d6 2. Nc3 e5 3. g3 f5 4. Bg2 Nf6 5. d3 Be7 6. e4 c6 7. Nge2 O-O 8. O-O
fxe4 9. dxe4 Be6 10. b3 Nbd7 11. Ba3 Qc7 12. Rc1 Qb8 13. h3 Rd8 14. f4 exf4 15.
Nxf4 Bf7 16. Kh2 a5 17. Qf3 Ne5 18. Qe2 b5 19. cxb5 cxb5 20. Nxb5 a4 21. bxa4
Rxa4 22. Rc3 Ra5 23. Nd4 Qa7 24. Nf5 Bf8 25. Bb4 Rxa2 26. Rc2 Rxc2 27. Qxc2 Qb6
28. Bc3 Rc8 29. Rb1 Qc7 30. Ne2 d5 31. Qd2 Nxe4 32. Bxe4 dxe4 33. Qf4 Nf3+ 34.
Kg2 Qxf4 35. gxf4 g6 36. Nfg3 h5 37. Nxe4 Nh4+ 38. Kg3 Nf5+ 39. Kf3 Bd5 0-1

[Event "Titled Tue 1st Jul Early"]
[Site "chess.com INT"]
[Date "2025.07.01"]
[Round "4"]
[White "Leiva, Gianmarco"]
[Black "Yatskar, Martin"]
[Result "1-0"]
[WhiteTitle "IM"]
[BlackTitle "CM"]
[WhiteElo "2387"]
[BlackElo "2225"]
[WhiteFideId "3804399"]
[BlackFideId "34109676"]
[EventDate "2025.07.01"]

1. e4 e5 2. Nf3 Nc6 3. Bc4 Nf6 4. d3 Bc5 5. O-O d6 6. c3 a5 7. Re1 Ba7 8. a4 O-O
9. h3 h6 10. Nbd2 Be6 11. Bxe6 fxe6 12. Nf1 Nh5 13. Be3 Bxe3 14. Rxe3 Nf4 15.
Kh2 Qe7 16. g3 Nh5 17. Kg2 Qf7 18. Rc1 d5 19. N1h2 Rae8 20. Qb3 b6 21. Rce1 d4
22. R3e2 Kh7 23. Qc4 Qd7 24. Ng4 Qd6 25. Qb5 dxc3 26. bxc3 Rd8 27. Ngxe5 Nxe5
28. Qxe5 Nf6 29. Qxd6 cxd6 30. Rb2 Nd7 31. Nd4 Rfe8 32. Re3 Rc8 33. Nb5 Rc6 34.
d4 e5 35. d5 Rc5 36. Nxd6 Rb8 37. c4 Nf6 38. f3 Rd8 39. Rxb6 Nd7 40. Rc6 Rb8 41.
Nb5 Rb6 42. Rxc5 Nxc5 43. f4 exf4 44. gxf4 Nxa4 45. e5 Nc5 46. e6 Rb8 47. d6 a4
48. d7 a3 49. Nxa3 Rd8 50. Nb5 Rxd7 51. exd7 Nxd7 52. Nd4 Nf6 53. Nf5 Kg6 54.
Nh4+ Kh5 55. Nf3 Kg6 56. Re5 Nh5 57. Rxh5 Kxh5 58. c5 Kg6 59. c6 Kf7 60. c7 Kg6
61. c8=Q 1-0

[Event "Titled Tue 1st Jul Early"]
[Site "chess.com INT"]
[Date "2025.07.01"]
[Round "4"]
[White "Soza de la Carrera, Jose"]
[Black "Aalto, Patrik"]
[Result "1-0"]
[WhiteTitle "CM"]
[BlackTitle "FM"]
[WhiteElo "2221"]
[BlackElo "2316"]
[WhiteFideId "3401278"]
[BlackFideId "510726"]
[EventDate "2025.07.01"]

1. d4 Nf6 2. c4 e6 3. g3 Bb4+ 4. Bd2 Qe7 5. Nf3 Nc6 6. Nc3 d5 7. Bg2 dxc4 8. O-O
O-O 9. Bg5 Bxc3 10. bxc3 Rb8 11. e4 h6 12. Bxf6 Qxf6 13. e5 Qe7 14. Nd2 Na5 15.
f4 b6 16. Qe2 c5 17. f5 exf5 18. d5 Re8 19. Rae1 b5 20. Nf3 b4 21. Nh4 g6 22.
Qe3 Kg7 23. e6 Qd6 24. Rxf5 fxe6 25. Re5 Rf8 26. Qe4 Rf6 27. Rf1 Rxf1+ 28. Bxf1
exd5 29. Re7+ Kf8 30. Re8+ Kg7 31. Re7+ Kf8 32. Nxg6+ Kg8 33. Re8+ Kg7 34. Re7+
Kg8 35. Qf4 Qxg6 36. Qxb8 Qf6 37. Qxc8+ Qf8 38. Re8 1-0

[Event "Titled Tue 1st Jul Early"]
[Site "chess.com INT"]
[Date "2025.07.01"]
[Round "4"]
[White "Daulet, Alikhan"]
[Black "Wong, Yinn Long"]
[Result "0-1"]
[WhiteTitle "CM"]
[BlackTitle "FM"]
[WhiteElo "2075"]
[BlackElo "2300"]
[WhiteFideId "13741632"]
[BlackFideId "5707684"]
[EventDate "2025.07.01"]

1. d4 Nf6 2. c4 e6 3. Nc3 Bb4 4. f3 O-O 5. a3 Bxc3+ 6. bxc3 Nh5 7. Nh3 f5 8. g3
d6 9. Bg2 e5 10. O-O Nc6 11. e3 Nf6 12. Nf2 Qe7 13. Re1 Qf7 14. Qd3 Na5 15. d5
b6 16. Nh3 Qh5 17. Rb1 Ba6 18. Rb4 e4 19. Qf1 Nxd5 20. Nf4 Nxf4 21. exf4 d5 22.
fxe4 fxe4 23. Qf2 Bxc4 24. Be3 c5 25. Rb2 Rad8 26. h3 Bd3 27. g4 Qf7 28. Bc1 Nc4
29. Ra2 Rfe8 30. f5 d4 31. cxd4 cxd4 32. Bg5 Rd7 33. f6 e3 34. Qf4 Ne5 35. Raa1
Ng6 36. Qg3 gxf6 37. Bh6 Be4 38. Bxe4 Rxe4 39. Rac1 Re8 40. Rc6 Ne5 41. Rc2 Qg6
42. Qf4 Qxc2 43. Qxf6 Qg6 44. Qf4 Rf7 45. Qxd4 Nf3+ 0-1

[Event "Titled Tue 1st Jul Early"]
[Site "chess.com INT"]
[Date "2025.07.01"]
[Round "4"]
[White "Bozorov, Javohir"]
[Black "Silva, Mariana"]
[Result "1-0"]
[WhiteTitle "FM"]
[BlackTitle "WFM"]
[WhiteElo "2039"]
[BlackElo "2039"]
[WhiteFideId "14216957"]
[BlackFideId "1911899"]
[EventDate "2025.07.01"]

1. d4 d5 2. Nf3 Nf6 3. Bf4 e6 4. e3 Bd6 5. Bg3 O-O 6. Bd3 c5 7. c3 Qc7 8. Nbd2
Nbd7 9. Qe2 e5 10. dxe5 Nxe5 11. Nxe5 Bxe5 12. O-O-O a6 13. Kb1 b5 14. Nf3 Bxg3
15. hxg3 h6 16. Rh4 Rb8 17. Rdh1 b4 18. c4 dxc4 19. Bxc4 Bf5+ 20. Bd3 Bxd3+ 21.
Qxd3 Rfd8 22. Qc2 c4 23. g4 b3 24. axb3 Rxb3 25. g5 Nd5 26. Rxc4 Qb6 27. gxh6 g6
28. Nd4 Rb4 29. Rxb4 Nxb4 30. h7+ Kh8 31. Qc3 f6 32. Rc1 Rb8 33. Qc7 Nd3 34.
Qxb6 Rxb6 35. Rc2 Kxh7 36. Rd2 Ne5 37. b3 a5 38. Ka2 Nc6 39. Ka3 Nb4 40. Ka4 Nd5
41. Kxa5 Rd6 42. b4 Nc3 43. b5 Rd5 44. Rc2 Ne4 45. Ka6 Rd6+ 46. b6 1-0